| 000 | 00787nam a2200313Ia 4500 | ||
|---|---|---|---|
| 001 | 9784 | ||
| 005 | 20240113234229.0 | ||
| 007 | ta | ||
| 008 | 080101s1959 ii a g b000 u 491 u | ||
| 020 | _cHB | ||
| 040 | _aCotton College Assam | ||
| 041 | _aeng | ||
| 082 |
_a891.13 _bB 469 K |
||
| 100 | _aSastri, Sankara Rama . | ||
| 245 | 0 |
_aKiratarjuniy of Bhravi / _cSankara Rama Sastri. _hTextual Documents |
|
| 250 | _a2nd ed. / | ||
| 260 |
_aMadras : _bBalamanorama Press , _c1959. |
||
| 300 |
_a68p. : _bill. ; _c16cm . |
||
| 653 | _aSanskrit literature-Classical | ||
| 653 | _aMS-Sanskrit | ||
| 653 | _aG-Sanskrit | ||
| 942 |
_2ddc _cBK |
||
| 999 |
_c9771 _d9771 |
||